[Event "IMB1"]
[Site "Marianske Lazne CZE"]
[Date "2010.01.20"]
[Round "6"]
[White "Bielczyk,J"]
[Black "Kersten,U"]
[Result "1-0"]
[WhiteElo "2299"]
[BlackElo "2309"]

1.e4 c5 2.Nf3 e6 3.d4 cxd4 4.Nxd4 a6 5.Nc3 Qc7 6.g3 b6 7.Bg2 Bb7 8.O-O d6
9.Re1 Nd7 10.Bg5 Ne5 11.f4 h6 12.Qh5 Qc5 13.fxe5 hxg5 14.Qxh8 Qxd4+ 15.Kh1 Nh6
16.exd6 O-O-O 17.Rad1 Qe5 18.d7+ Kc7 19.Re2 Bb4 20.Qe8 Bxc3 21.bxc3 Qc5 22.e5 Bc6
23.Rd6 Rxe8 24.Rxc6+ Qxc6 25.Bxc6 Rd8 26.Be4 Rxd7 27.Kg2 Rd1 28.h3 Ra1 29.Rd2 Rxa2
30.Rd6 f5 31.Bd3 Ra5 32.Rxe6 Ng8 33.Bxf5 Rc5 34.Bd3 a5 35.Re8 Nh6 36.g4 Kd7
37.Rb8 Rxe5 38.Rxb6 Kc7 39.Rg6 Ng8 40.Rxg7+ Ne7 41.Bb5 Kd6 42.c4 Ke6 43.Be8 Rc5
44.Rh7 Kf6 45.Rf7+ Ke6 46.Rf3 Kd6 47.Bb5 Ke6 48.Ra3 Re5 49.Rxa5 Re2+ 50.Kf3 Rxc2
51.Ra6+ Ke5 52.Bd7 Rc3+ 53.Kf2 Ng8 54.Re6+ Kf4 55.Rg6 Rc2+ 56.Kf1 Ne7 57.Rg7 Rc1+
58.Ke2 Rxc4 59.Rxe7 Rc2+ 60.Kd3 Rc7 61.Kd4 Rc1 62.Rf7+ Kg3 63.Rh7 Rd1+ 64.Ke5 Ra1
65.Be6 Ra6 66.Kf6 Kf4 67.Rh5 Ra3 68.Rxg5 Rxh3 69.Rf5+ Kg3 70.g5  1-0

[Event "8th Parsvnath Open"]
[Site "New Delhi IND"]
[Date "2010.01.20"]
[Round "9"]
[White "Iuldachev,S"]
[Black "Maheswaran,P"]
[Result "1-0"]
[WhiteElo "2519"]
[BlackElo "2355"]

1.e4 c5 2.Nc3 a6 3.Nf3 e6 4.d4 cxd4 5.Nxd4 Qc7 6.g3 Bb4 7.Qd3 Nf6 8.Bg2 Nc6
9.O-O O-O 10.Bd2 Be7 11.Rad1 b5 12.Rfe1 Nxd4 13.Qxd4 Bc5 14.Bf4 Bxd4 15.Bxc7 Bxc3
16.bxc3 Bb7 17.Be5 Rfd8 18.Rd6 Bc6 19.Bxf6 gxf6 20.Red1 Kf8 21.f4 Ke7 22.Kf2 Rac8
23.R1d3 Rc7 24.Bf3 a5 25.a3 Rcc8 26.Ke3 Rc7 27.Kd2 Rcc8 28.g4 Rc7 29.f5 Rcc8
30.e5 fxe5 31.Bxc6 Rxc6  1-0

[Event "IMB3"]
[Site "Marianske Lazne CZE"]
[Date "2010.01.21"]
[Round "7"]
[White "Lundin,J"]
[Black "Gorbatov,A"]
[Result "1/2-1/2"]
[WhiteElo "2370"]
[BlackElo "2377"]

1.e4 e6 2.d4 c5 3.Nf3 cxd4 4.Nxd4 a6 5.Nc3 Qc7 6.g3 Nf6 7.Bg2 Be7 8.O-O O-O
9.Re1 d6 10.a4 Nc6 11.Nxc6 bxc6 12.a5 Bb7 13.g4 Rfd8 14.g5 Nd7 15.Bf4 Re8
16.Qd2 Rad8 17.Na4 c5 18.Red1 Nb8 19.Ra3 Bf8 20.h4 g6 21.h5 e5 22.Be3 Nc6
23.Nb6 Nd4 24.c3 Qe7 25.hxg6 Ne6 26.Rb3 Nd4 27.Ra3 Nb5 28.Raa1 Nd4 29.cxd4 cxd4
30.Rac1 dxe3 31.Qxe3 f6 32.gxf6 Qxf6 33.Rc7 Re7 34.Rdc1 Kh8 35.Nd5 Bxd5 36.exd5 Rb8
37.Qa7 Rxc7 38.Rxc7 Rxb2 39.Rxh7+ Kg8 40.Rb7 Rxb7 41.Qxb7 Bh6 42.Qxa6 e4
43.Qc8+ Kg7 44.Qc7+ Kf8 45.Bxe4 Bd2 46.Qc8+ Kg7 47.a6 Bc3 48.Qd7+ Kh8 49.Qh3+ Kg7
50.Qd7+ Kh6 51.Qh3+ Kg7 52.Qf3 Qxf3 53.Bxf3 Bd4 54.Kg2 Kxg6 55.Be4+ Kf6 56.f3 Ke7
57.Kg3 Kd8 58.Kg4 Be3 59.Kf5 Bc5  1/2-1/2

[Event "8th Parsvnath Open"]
[Site "New Delhi IND"]
[Date "2010.01.22"]
[Round "11"]
[White "Dzhumaev,M"]
[Black "Kotsur,P"]
[Result "0-1"]
[WhiteElo "2515"]
[BlackElo "2568"]

1.e4 c5 2.Nf3 e6 3.Nc3 a6 4.d4 cxd4 5.Nxd4 Qc7 6.g3 Nc6 7.Bg2 Nf6 8.O-O Nxd4
9.Qxd4 Bc5 10.Qd3 d6 11.Na4 Ba7 12.Bf4 e5 13.Bg5 Ng4 14.Rad1 h6 15.Bc1 Be6
16.Nc3 O-O 17.Qf3 f5 18.Qe2 Bc4 19.Qd2 Bxf1 20.Rxf1 Nxf2 21.Rxf2 fxe4 22.Nxe4 Rxf2
23.Nxf2 Rf8 24.Qd5+ Kh8 25.Bf3 Qxc2 26.Bd2 Bxf2+  0-1

[Event "2nd Chennai Open"]
[Site "Chennai IND"]
[Date "2010.01.26"]
[Round "2"]
[White "Bitoon,R"]
[Black "Kulkarni,R"]
[Result "1-0"]
[WhiteElo "2458"]
[BlackElo "2174"]

1.e4 c5 2.Nf3 e6 3.d4 cxd4 4.Nxd4 a6 5.Nc3 Qc7 6.Bd3 Nf6 7.O-O Nc6 8.Nxc6 dxc6
9.a4 e5 10.Be3 a5 11.Ne2 Be6 12.Ng3 Rd8 13.h3 h5 14.Qf3 h4 15.Nf5 Nd7 16.Bd2 Nc5
17.Bc3 g6 18.Ne3 Bg7 19.Nc4 b6 20.Qe3 O-O 21.Be2 Rd7 22.Nxa5 f5 23.Nc4 f4
24.Qf3 g5 25.a5 b5 26.Nb6 Rdd8 27.Bb4 Nxe4 28.Bxf8 Nd2 29.Qh5 Rxf8 30.Rfd1 Ne4
31.Bf3 Nf6 32.Qxg5 e4 33.Bg4 Nxg4 34.hxg4 f3 35.Ra3 fxg2 36.Rh3 e3 37.Rxe3 Qf7
38.Qxh4 Bxg4 39.Rde1 Qg6 40.Rg3 Rf4 41.Rxg2 Bf6 42.Qg3 Qh6 43.Nd7 Bd4 44.Ne5 Bxe5
45.Rxe5 Kf8 46.Qa3+ b4 47.Qe3  1-0

[Event "ch-UKR b18"]
[Site "Kyiv UKR"]
[Date "2010.01.27"]
[Round "2"]
[White "Kigel,D"]
[Black "Nyzhnyk,I"]
[Result "0-1"]
[WhiteElo "2050"]
[BlackElo "2486"]

1.e4 c5 2.Nc3 a6 3.Nf3 e6 4.d4 cxd4 5.Nxd4 Qc7 6.a3 b5 7.Be2 Bb7 8.O-O Nf6
9.Bf3 d6 10.g3 Nbd7 11.Bg2 Nb6 12.Nb3 Be7 13.Na5 Bc8 14.e5 dxe5 15.Bc6+ Nfd7
16.Bxa8 Nxa8 17.Qf3 Qxa5 18.Qxa8 Qc7 19.Qg2 Bb7 20.f3 Nb6 21.Rd1 O-O 22.Qe2 Nc4
23.b3 Nd6 24.Bb2 e4 25.f4 Nf5 26.b4 Qb6+  0-1

[Event "8th Gibtelecom Masters"]
[Site "Caleta ENG"]
[Date "2010.01.29"]
[Round "4"]
[White "Freuler,R"]
[Black "Solomon,K"]
[Result "1/2-1/2"]
[WhiteElo "2082"]
[BlackElo "2368"]

1.e4 c5 2.Nf3 e6 3.d4 cxd4 4.Nxd4 a6 5.Nc3 Qc7 6.Be2 b5 7.a3 Bb7 8.O-O Nf6
9.Qd3 Be7 10.Be3 d6 11.f4 Nbd7 12.Nb3 h5 13.Kh1 g6 14.Rae1 h4 15.Bf3 Nh5
16.Qe2 Rc8 17.f5 Ne5 18.fxg6 fxg6 19.Nd4 Ng7 20.Bg4 Qd7 21.Nd5 Bd8 22.Nf6+ Bxf6
23.Rxf6 Bxe4 24.Nxe6 Rxc2 25.Nxg7+ Qxg7 26.Qxc2 Bxc2 27.Rxd6 O-O 28.Bd4 Nxg4
29.Bxg7 Kxg7 30.Kg1 a5 31.Rd4 Bf5 32.h3 Nf6 33.Re5 Rb8 34.Rxh4 Rb7 35.Rd4 Bb1
36.g4 a4 37.g5 Nh5 38.Rdd5 Nf4 39.Rxb5 Rd7 40.Kh2 Rd2+ 41.Kh1 Rd7 42.Kh2 Ba2
43.Re4 Rd2+ 44.Kg3 Ne2+ 45.Kg4 Nd4 46.Rb7+ Bf7 47.Rd7 Rg2+ 48.Kf4 Nb3 49.Rc4 Rf2+
50.Ke3 Rf5 51.Rcc7 Na5 52.Kd4 Nb3+ 53.Kc3 Rf3+ 54.Kb4 Rf4+ 55.Kc3 Kf8 56.Rxf7+ Rxf7
57.Rxf7+ Kxf7 58.Kb4 Ke6 59.Kxa4 Nd4 60.Ka5 Kf5 61.b4 Kxg5 62.b5 Kh4 63.b6 Kxh3
64.b7 Nc6+ 65.Kb6 Nb8 66.a4 g5 67.a5 g4 68.a6 g3 69.a7 g2 70.axb8=Q g1=Q+
71.Kc6 Qg2+ 72.Kd7 Qg4+ 73.Kc6  1/2-1/2

[Event "2nd Chennai Open"]
[Site "Chennai IND"]
[Date "2010.01.29"]
[Round "6"]
[White "Deshmukh,A"]
[Black "Prakash,G"]
[Result "1-0"]
[WhiteElo "2271"]
[BlackElo "2389"]

1.e4 c5 2.Nf3 e6 3.Nc3 a6 4.d4 cxd4 5.Nxd4 Qc7 6.Bd3 Nf6 7.O-O Bc5 8.Be3 d6
9.Qf3 Nbd7 10.Qg3 h5 11.h3 h4 12.Qh2 g5 13.Be2 Ne5 14.Rad1 Bd7 15.Bxg5 Nh5
16.Bxh4 b5 17.Nf5 b4 18.Bxh5 bxc3 19.Bf6 exf5 20.Bxh8 O-O-O 21.Bxe5 dxe5
22.bxc3 f4 23.Bg4 Be6 24.Rxd8+ Qxd8 25.Bxe6+ fxe6 26.h4  1-0

[Event "2nd Chennai Open"]
[Site "Chennai IND"]
[Date "2010.01.30"]
[Round "7"]
[White "Anwesh,U"]
[Black "Bitoon,R"]
[Result "1-0"]
[WhiteElo "2400"]
[BlackElo "2458"]

1.e4 c5 2.Nc3 e6 3.Nf3 a6 4.d4 cxd4 5.Nxd4 d6 6.Be3 b5 7.g4 Bb7 8.Bg2 Nf6
9.g5 Nfd7 10.Qe2 Be7 11.O-O-O b4 12.Nd5 exd5 13.exd5 O-O 14.Nc6 Qe8 15.f4 Bd8
16.Rhe1 Nc5 17.Qh5 Qd7 18.Bh3 Qc7 19.Nxd8 Rxd8 20.Bf5 g6 21.Qh6 Qe7 22.Bd4 Qf8
23.Qh4 Nbd7 24.Re3 h5 25.gxh6 f6 26.Rg1 Kh8 27.Rxg6 Re8 28.Rxf6  1-0

[Event "ch-UKR b18"]
[Site "Kyiv UKR"]
[Date "2010.01.30"]
[Round "6"]
[White "Kabachienko,A"]
[Black "Vorontsov,P"]
[Result "1/2-1/2"]
[WhiteElo "2135"]
[BlackElo "1935"]

1.e4 c5 2.Nf3 e6 3.d4 cxd4 4.Nxd4 a6 5.Nc3 b5 6.Bd3 d6 7.O-O Nf6 8.a3 Be7
9.Be3 O-O 10.f4 e5 11.Nf5 Bxf5 12.exf5 Nc6 13.g4 d5 14.g5 e4 15.gxf6 Bxf6
16.Nxe4 dxe4 17.Bxe4 Qc7 18.c3  1/2-1/2

[Event "ch-ROU m"]
[Site "Baile Olanesti ROU"]
[Date "2010.01.31"]
[Round "1"]
[White "Buzgaru,G"]
[Black "Manolache,M"]
[Result "0-1"]
[WhiteElo "1955"]
[BlackElo "2539"]

1.e4 c5 2.Nf3 e6 3.d4 cxd4 4.Nxd4 a6 5.Nc3 Qc7 6.g3 Nf6 7.Bg2 Bc5 8.O-O O-O
9.Bg5 Nc6 10.Bxf6 gxf6 11.Nxc6 bxc6 12.Kh1 Rb8 13.f4 Qa5 14.e5 f5 15.Qh5 Kh8
16.Ne4 Be7 17.g4 fxe4 18.Bxe4 f5 19.g5 Rg8 20.Rf3 Qb4 21.Bd3 Bb7 22.c3 Qb6
23.Be4 fxe4 24.Rh3 Rg7 25.Rf1 e3 26.Kg2 c5+ 27.Kg3 Qxb2  0-1

[Event "8th Gibtelecom Masters"]
[Site "Caleta ENG"]
[Date "2010.01.31"]
[Round "6"]
[White "Zozulia,A"]
[Black "Hoffmann,Micha1"]
[Result "0-1"]
[WhiteElo "2321"]
[BlackElo "2508"]

1.e4 c5 2.Nf3 e6 3.d4 cxd4 4.Nxd4 a6 5.Nc3 Qc7 6.Bd3 Nf6 7.O-O Bc5 8.Nb3 Be7
9.f4 d6 10.a4 Nc6 11.Kh1 b6 12.Bd2 Bb7 13.Qe2 O-O 14.Rae1 Nb4 15.Nd4 Rad8
16.Qf2 Qc5 17.h3 d5 18.e5 Ne4 19.Nxe4 dxe4 20.Bxb4 Qxb4 21.Bxe4 Bxe4 22.Rxe4 Qxb2
23.f5 Bc5 24.f6 Bxd4 25.Qg3 g6 26.Qf4 Bxe5 27.Rxe5 Kh8 28.Re4 g5 29.Qxg5 Rg8
30.Qh5 Qxc2 31.Re2 Qd3 32.Rfe1 Rg6 33.Rf2 Qd4 34.Qf3 h6 35.Rc1 Rg5 36.Qe2 Qxa4
37.Rc7 Kg8 38.Kh2 Qd4 39.Rb7 b5 40.Rf3 Qd6+ 41.Kh1 a5  0-1

[Event "ch-UKR g18"]
[Site "Kyiv UKR"]
[Date "2010.02.01"]
[Round "9"]
[White "Osmak,Iulija"]
[Black "Ivanenko,O2"]
[Result "1-0"]
[WhiteElo "1876"]
[BlackElo "2066"]

1.Nc3 c5 2.e4 e6 3.Nf3 a6 4.d4 cxd4 5.Nxd4 Qc7 6.a3 Nf6 7.g3 b5 8.Bg2 Bb7
9.O-O d6 10.Be3 Nbd7 11.Nb3 Ne5 12.Nd2 Neg4 13.Qe2 Nxe3 14.Qxe3 Be7 15.h3 O-O
16.Rfe1 Nd7 17.a4 b4 18.Na2 a5 19.c3 Qc5 20.cxb4 axb4 21.b3 Qxe3 22.Rxe3 Bg5
23.f4 Bf6 24.e5 Bxg2 25.exf6 Bxh3 26.fxg7 Rfb8 27.Re4 Nc5 28.Rxb4 Rxb4 29.Nxb4 Rb8
30.Nc6 Rb6 31.Nd4 e5 32.a5 Rb7 33.Nc6 Na6 34.fxe5 Rc7 35.b4 Rxc6 36.b5 Rc2
37.bxa6 Rxd2 38.a7 Bg2 39.Rd1 Ra2 40.exd6 Bc6 41.d7  1-0

[Event "ch-ROU m"]
[Site "Baile Olanesti ROU"]
[Date "2010.02.02"]
[Round "4"]
[White "Moldovan,D"]
[Black "Martian,D"]
[Result "1/2-1/2"]
[WhiteElo "2443"]
[BlackElo "1867"]

1.e4 c5 2.Nf3 e6 3.d4 cxd4 4.Nxd4 a6 5.Nc3 Qc7 6.Bd3 d6 7.O-O g6 8.a4 Bg7
9.Be3 Nf6 10.a5 Bd7 11.f4 O-O 12.Kh1 Bc6 13.Qe2 Nbd7 14.Nxc6 Qxc6 15.Ra3 Nc5
16.Bg1 Rac8 17.Re1 Rfd8 18.Qf3 Ne8 19.Bf1 Nc7 20.Qe3 Bf8 21.Raa1  1/2-1/2

[Event "8th Gibtelecom Masters"]
[Site "Caleta ENG"]
[Date "2010.02.02"]
[Round "8"]
[White "Allor,C"]
[Black "Meskovs,N"]
[Result "1-0"]
[WhiteElo "2100"]
[BlackElo "2264"]

1.e4 c5 2.Nf3 e6 3.d4 cxd4 4.Nxd4 a6 5.Nc3 Qc7 6.Be2 Nf6 7.O-O d6 8.f4 b5
9.Bf3 Bb7 10.e5 dxe5 11.fxe5 Nfd7 12.Bf4 Nc6 13.Nxc6 Bxc6 14.Kh1 g6 15.Qe1 Bxf3
16.Rxf3 Bg7 17.Ne4 Nxe5 18.Qb4 Rd8 19.Ng5 Qc4 20.Qxc4 Nxc4 21.Nxf7 Kxf7 22.Bg5+ Ke8
23.Bxd8 Kxd8 24.Rf7 Bxb2 25.Rd1+ Ke8 26.Rdd7 Ba3 27.Rxh7 Rxh7 28.Rxh7 Bb2
29.h4 a5 30.g4 Ne3 31.h5 Nxg4 32.hxg6 Ne5 33.Rh8+ Ke7 34.g7 Nf7 35.Re8+ Kxe8
36.g8=Q+ Ke7 37.Qa8 Nd6 38.Qxa5 e5 39.a4 bxa4 40.Qxa4 Bd4 41.Kg2  1-0

[Event "8th Gibtelecom Masters"]
[Site "Caleta ENG"]
[Date "2010.02.03"]
[Round "9"]
[White "Martsynovskaya,M"]
[Black "Bellon Lopez,JuM"]
[Result "0-1"]
[WhiteElo "2184"]
[BlackElo "2440"]

1.e4 c5 2.Nf3 e6 3.d4 cxd4 4.Nxd4 a6 5.Nc3 Qc7 6.Be3 Nf6 7.Bd3 Nc6 8.O-O Nxd4
9.Bxd4 Bc5 10.Bxc5 Qxc5 11.Qe2 d6 12.Kh1 e5 13.f4 Be6 14.f5 Bd7 15.a4 Bc6
16.Bc4 Rc8 17.Bb3 O-O 18.Rad1 Rfd8 19.Rd3 b5 20.axb5 axb5 21.Nd5 Bxd5 22.exd5 h6
23.Qe1 Re8 24.g4 e4 25.Rg3 e3 26.Kg2 Re4 27.g5 hxg5 28.Rxg5 Qd4 29.Qg3 Rg4
30.Rxg4 Nxg4 31.h3 Qe4+ 32.Kg1 Nf2 33.Kh2 Re8 34.Re1 Qd4 35.Qf3 Re4 36.c3 Qe5+
37.Qg3 Nd3 38.Qxe5 Rxe5 39.Re2 Nc1 40.Bd1 Nxe2 41.Bxe2 Rxd5 42.Kg3 Rxf5 43.b4 g6
44.Bd3 Rd5 45.Be2 f5 46.c4 Rd4 47.cxb5 Rxb4 48.Kf3 f4 49.Bd3 Kg7 50.Kg4 Kf6
51.h4 d5 52.Kf3 Ke5 53.Bxg6 Rxb5 54.h5 Kf6 55.Bd3 Rb3 56.Bg6 Kg5  0-1

[Event "8th Gibtelecom Masters"]
[Site "Caleta ENG"]
[Date "2010.02.03"]
[Round "9"]
[White "Lovik,L"]
[Black "Cramling,P"]
[Result "0-1"]
[WhiteElo "2343"]
[BlackElo "2528"]

1.e4 c5 2.Nf3 e6 3.d4 cxd4 4.Nxd4 a6 5.Nc3 Qc7 6.Be2 Nf6 7.O-O Bc5 8.Be3 O-O
9.f4 d6 10.Qd3 b5 11.Bf3 Bb7 12.Rad1 Nbd7 13.a3 Rfd8 14.Nb3 Bxe3+ 15.Qxe3 Rac8
16.Rd3 Ba8 17.Rfd1 Nb6 18.Na5 d5 19.b4 dxe4 20.Rxd8+ Rxd8 21.Rxd8+ Qxd8 22.Nxe4 Bxe4  0-1

[Event "2nd Chennai Open"]
[Site "Chennai IND"]
[Date "2010.02.03"]
[Round "11"]
[White "Dzhumaev,M"]
[Black "Prakash,G"]
[Result "1-0"]
[WhiteElo "2515"]
[BlackElo "2389"]

1.e4 c5 2.Nf3 e6 3.Nc3 a6 4.d4 cxd4 5.Nxd4 Qc7 6.g3 b5 7.Bg2 Bb7 8.O-O b4
9.Nd5 exd5 10.exd5 d6 11.Re1+ Be7 12.Nf5 Kf8 13.Qg4 g5 14.Nxe7 Nxe7 15.Bxg5 Ng8
16.Qd4 h6 17.Qxh8 hxg5 18.Re8+  1-0

[Event "15th HIT Open B"]
[Site "Nova Gorica SLO"]
[Date "2010.02.03"]
[Round "5"]
[White "Kralj,Manca"]
[Black "Kolaric,S"]
[Result "0-1"]
[WhiteElo "1769"]
[BlackElo "1981"]

1.e4 c5 2.Nf3 e6 3.d4 cxd4 4.Nxd4 a6 5.Nc3 b5 6.a3 d6 7.Be2 Bb7 8.O-O Nf6
9.f3 Be7 10.Re1 O-O 11.Bd3 Nbd7 12.f4 Rc8 13.f5 e5 14.Nf3 Ng4 15.Be3 Nxe3
16.Rxe3 Qb6 17.Qd2 d5 18.Nxd5 Bxd5 19.exd5 Bc5 20.Re1 Nf6 21.Kf1 Bxe3 22.Rxe3 e4
23.Bxe4 Rfe8 24.Qd3 Nxd5 25.Re1 Nf6 26.Nd2 Rcd8 27.Qe3 Rxd2 28.Qxd2 Nxe4
29.Qf4 Qd4  0-1

[Event "8th Gibtelecom Masters"]
[Site "Caleta ENG"]
[Date "2010.02.04"]
[Round "10"]
[White "Flermoen,P"]
[Black "Meskovs,N"]
[Result "0-1"]
[WhiteElo "2108"]
[BlackElo "2264"]

1.e4 c5 2.Nf3 e6 3.d4 cxd4 4.Nxd4 a6 5.Nc3 Qc7 6.Bd3 Nf6 7.O-O b5 8.a3 Bb7
9.Qe2 d6 10.f4 Nbd7 11.Be3 Be7 12.Bf2 g6 13.Nf3 Ng4 14.Bh4 Qc5+ 15.Kh1 Bxh4
16.Nxh4 Ne3 17.Rfe1 Nc4 18.Bxc4 bxc4 19.Rad1 Rd8 20.f5 gxf5 21.exf5 e5 22.Qg4 Nf6
23.Qe2 Rg8 24.Nf3 Rg4 25.Qe3 Qxe3 26.Rxe3 Ne4 27.Nxe4 Rxe4 28.Rc3 Rf4 29.Nd2 d5
30.b3 d4 31.Rxc4 Rf2 32.Rc7 Bd5 33.Rc5 Bxg2+ 34.Kg1 Re2 35.Nc4 f6 36.Rd2 Rxd2
37.Nxd2 Bb7 38.Nc4 Ke7 39.Kf2 Rc8 40.Ra5 e4  0-1

[Event "8th Gibtelecom Masters"]
[Site "Caleta ENG"]
[Date "2010.02.04"]
[Round "10"]
[White "Daoudi,K"]
[Black "Helin,M"]
[Result "1-0"]
[WhiteElo "2142"]
[BlackElo "1972"]

1.e4 c5 2.Nf3 a6 3.d4 cxd4 4.Nxd4 e6 5.Nc3 Qc7 6.Be3 Nf6 7.Be2 b5 8.a3 Bb7
9.f3 Nc6 10.O-O h5 11.Nxc6 dxc6 12.f4 e5 13.fxe5 Rd8 14.Qe1 Qxe5 15.Rf5 Qc7
16.Bf4 Bd6 17.e5 Qb6+ 18.Kh1 Bc8 19.Rxf6 gxf6 20.exd6 Be6 21.Ne4 Qd4 22.Bf3 Qxb2
23.Rb1 Qxa3 24.Nxf6+ Kf8 25.Qg3 Bg4 26.d7 Qa2 27.Bd6+ Kg7 28.Nxh5+ Kh7 29.Nf6+ Kg6
30.Be4+ Kg7 31.Qxg4+ Kxf6 32.Rf1+  1-0

[Event "ch-ROU m"]
[Site "Baile Olanesti ROU"]
[Date "2010.02.05"]
[Round "7"]
[White "Bonte,An"]
[Black "Stegariu,V"]
[Result "1-0"]
[WhiteElo "2305"]
[BlackElo "2036"]

1.e4 c5 2.Nf3 e6 3.d4 cxd4 4.Nxd4 a6 5.Nc3 Qc7 6.Be2 Nf6 7.O-O Nc6 8.Kh1 Be7
9.f4 d6 10.Be3 Bd7 11.a4 b6 12.Qe1 h5 13.h3 h4 14.Qf2 Nb4 15.Bf3 Nh5 16.Kg1 Rb8
17.Ra3 e5 18.fxe5 Ng3 19.exd6 Qxd6 20.Re1 Qg6 21.Raa1 O-O 22.Nd5 Nxd5 23.exd5 Bc5
24.Nc6 Bxc6 25.dxc6 Bxe3 26.Rxe3 Nf5 27.Be4  1-0

[Event "TCh-ISR"]
[Site "Israel ISR"]
[Date "2010.02.05"]
[Round "3"]
[White "Caspi,I"]
[Black "Tunik,G"]
[Result "1/2-1/2"]
[WhiteElo "2427"]
[BlackElo "2498"]

1.e4 c5 2.Nf3 e6 3.d4 cxd4 4.Nxd4 a6 5.Nc3 b5 6.Bd3 Bb7 7.O-O Nc6 8.Nxc6 Bxc6
9.Re1 Ne7 10.Be3 Ng6 11.a4 Bb4 12.axb5 Bxc3 13.bxc3 axb5 14.Rxa8 Qxa8 15.Bc5 Qb8
16.Bf1 Qe5 17.Qd4 f6 18.Bd6 Qxd4 19.cxd4 Kf7 20.f3 Ra8 21.Rb1 Ra2 22.Bd3 Ra6
23.Bc5 Nf4 24.Bf1 g5 25.g3 Ng6 26.Bd3 h5 27.Kf2 Ne7 28.Ke3 Ra2 29.Kd2 g4
30.fxg4 hxg4 31.Rf1 Ra8 32.Rf2 Rh8 33.Bd6 Rh5 34.Ke3 Nc8 35.Be5 Rh6 36.Bf4 Rg6
37.d5 exd5 38.e5 Rg8 39.Bh6 Ke6 40.exf6 Nd6 41.Bg7 Ra8 42.Bg6 Nf7 43.Bf5+ Ke5
44.Bxg4 d4+ 45.Kd2 Be4 46.Bf3 d5 47.Kc1 Ra1+ 48.Kb2 Rg1 49.Be2 b4 50.Bf8 b3
51.Kxb3 Rb1+ 52.Ka2 Rb8 53.Bc5 Rc8 54.Bh5 Rxc5 55.Bxf7 Rxc2+ 56.Rxc2 Bxc2
57.Bxd5 Kxf6 58.Kb2 Bf5 59.Kc1 Bh3 60.Kd2 Ke5 61.Bf3 Kd6 62.Be4 Ke5 63.Bd3 Kd5
64.Ke2 Kd6 65.Kf2 Kd5 66.Kf3 Ke5 67.Bh7 Bd7 68.h4 Bc6+ 69.Ke2 Be8 70.Bd3 Bh5+
71.Kd2 Be8 72.Be2 Bf7 73.Bd1 Ke4 74.Bg4 Bc4 75.h5 Ke5 76.h6 Bg8 77.Bd1 Kf6
78.Bc2 Kg5  1/2-1/2

[Event "ch-ROU w"]
[Site "Baile Olanesti ROU"]
[Date "2010.02.06"]
[Round "8"]
[White "Visanescu,D"]
[Black "Morea,G"]
[Result "1-0"]
[WhiteElo "1915"]
[BlackElo "1810"]

1.e4 c5 2.Nf3 e6 3.d4 cxd4 4.Nxd4 a6 5.Nc3 Qc7 6.Be2 Bb4 7.Qd3 Nf6 8.O-O O-O
9.Bg5 Be7 10.f4 d6 11.Rf3 h6 12.Bh4 Nc6 13.Rd1 Rd8 14.Rg3 Rd7 15.f5 e5 16.Bxf6 Bxf6
17.Nd5 Qd8 18.Nf3 Nb4 19.Qe3 Nxd5 20.Rxd5 b5 21.Qxh6 Bb7 22.Rd2 Bxe4 23.Qh5 Rc8
24.Rh3 Kf8 25.Qg4 Qb6+ 26.Kh1 Bb7 27.Ng5 Qf2 28.Rd1 Rxc2 29.Bf3 Bxf3 30.gxf3 Rdc7
31.Ne6+ fxe6 32.Rh8+ Ke7 33.Qh5 Qg2+  1-0

[Event "TCh-Eur Seniors"]
[Site "Dresden GER"]
[Date "2010.02.10"]
[Round "1"]
[White "Palmo,P"]
[Black "Rodriguez Vargas,O"]
[Result "0-1"]
[WhiteElo "2080"]
[BlackElo "2423"]

1.e4 c5 2.Nf3 e6 3.d4 cxd4 4.Nxd4 a6 5.Nc3 Qc7 6.g3 Bb4 7.Bd2 Nc6 8.Nxc6 dxc6
9.Bg2 Nf6 10.O-O O-O 11.Qe2 e5 12.Bg5 Be7 13.Nd1 Bg4 14.f3 Be6 15.Be3 b5
16.Qf2 c5 17.Nc3 Qc6 18.g4 Rad8 19.Rfd1 b4 20.Rxd8 Rxd8 21.Ne2 c4 22.Ng3 Bxg4
23.Kh1 Be6 24.Rg1 Qa4 25.Bc5 Bxc5 26.Qxc5 Qb5 27.Qe3 Qd7 28.Qb6 Qd6 29.Qa5 Rb8
30.Nf5 Bxf5 31.exf5 Rb5 32.Qa4 e4 33.c3 e3 34.Qc2 Qd3 35.Rd1 e2  0-1

[Event "TCh-Eur Seniors"]
[Site "Dresden GER"]
[Date "2010.02.10"]
[Round "1"]
[White "Ulker,A"]
[Black "Ehlert,J"]
[Result "1-0"]
[WhiteElo "2115"]
[BlackElo "2009"]

1.e4 c5 2.Nf3 e6 3.d4 cxd4 4.Nxd4 a6 5.Nc3 Qc7 6.Bd3 Nf6 7.Qe2 Nc6 8.Be3 Bb4
9.O-O Nxd4 10.Bxd4 e5 11.Nd5 Nxd5 12.exd5 d6 13.f4 Bc5 14.Bf2 O-O 15.fxe5 dxe5
16.Rad1 Bd6 17.Bg3 Qc5+ 18.Kh1 Qxd5 19.Bc4 Qc6 20.Rxf7 Rxf7 21.Rf1 Bh3 22.Bxf7+ Kh8
23.Rd1 Bf5 24.c4 Rf8 25.Bd5 Qc7 26.Rf1 g6 27.c5  1-0

[Event "TCh-Eur Seniors"]
[Site "Dresden GER"]
[Date "2010.02.11"]
[Round "2"]
[White "Thornton,J"]
[Black "Micheli,C"]
[Result "0-1"]
[WhiteElo "2048"]
[BlackElo "2293"]

1.e4 c5 2.Nf3 e6 3.Nc3 a6 4.d4 cxd4 5.Nxd4 Qc7 6.Bd3 Nf6 7.O-O Bc5 8.Nb3 Be7
9.Qe2 d6 10.f4 Nbd7 11.a4 b6 12.Bd2 Bb7 13.Rae1 e5 14.f5 h5 15.Bg5 h4 16.Bxf6 Nxf6
17.Nd5 Nxd5 18.exd5 Bxd5 19.Bxa6 Rxa6 20.Qxa6 Qxc2 21.Qb5+ Bc6 22.Re2 Bxb5
23.Rxc2 Bxf1 24.Rc8+ Bd8 25.Kxf1 Rh5  0-1

[Event "TCh-Eur Seniors"]
[Site "Dresden GER"]
[Date "2010.02.12"]
[Round "3"]
[White "Bisse,V"]
[Black "Perman,T"]
[Result "1-0"]
[WhiteElo "1930"]
[BlackElo "2055"]

1.e4 c5 2.Nf3 e6 3.d4 cxd4 4.Nxd4 a6 5.Nc3 Qc7 6.Bd3 Nc6 7.Nxc6 bxc6 8.O-O Nf6
9.f4 d5 10.e5 Nd7 11.Na4 Be7 12.Be3 c5 13.c3 c4 14.Bc2 g6 15.Bd4 O-O 16.Qg4 f5
17.Qe2 Rb8 18.Qe3 Rb5 19.Rfb1 Nc5 20.b4 cxb3 21.axb3 Bb7 22.b4 Ne4 23.Bd3 Bc6
24.Bxb5 Bxb5 25.Nb2 Rc8 26.Nd1 g5 27.g3 gxf4 28.Qxf4 Bg5 29.Qf3 Qg7 30.Rb2 Rf8
31.Be3 Bxe3+ 32.Qxe3 Qxe5 33.Qd4 Qc7 34.Rc1 f4 35.gxf4 Qxf4 36.Rg2+ Kf7 37.Ne3 Rg8
38.Qa7+ Kf6 39.Rxg8 Qf2+ 40.Kh1 Qf3+ 41.Ng2 Nf2+ 42.Qxf2 Qxf2 43.Rf8+  1-0

[Event "TCh-Eur Seniors"]
[Site "Dresden GER"]
[Date "2010.02.13"]
[Round "4"]
[White "Jongsma,Alexander"]
[Black "Lahti,J"]
[Result "1-0"]
[WhiteElo "2184"]
[BlackElo "2020"]

1.e4 c5 2.Nf3 e6 3.d4 cxd4 4.Nxd4 a6 5.Nc3 Qc7 6.Be2 Nf6 7.O-O Bb4 8.Qd3 Nc6
9.Bd2 O-O 10.Nxc6 bxc6 11.Kh1 Be7 12.f4 d5 13.e5 Nd7 14.Qh3 f5 15.exf6 Nxf6
16.Bd3 Bd7 17.Rae1 Bd6 18.Qh4 Rae8 19.g4 g6 20.f5 exf5 21.Rxe8 Bxe8 22.gxf5 Nh5
23.Rg1 Qg7 24.Nd1 Be7 25.Qe1 c5 26.Qe6+ Kh8 27.Re1 c4 28.Bf1 Rxf5 29.Bh3 Rf7
30.Qxd5 Nf6 31.Qxc4 Bb5 32.Qc6 Rf8 33.Qb7 Bc5 34.Qxg7+ Kxg7 35.Nc3 Bc6+ 36.Bg2 Bxg2+
37.Kxg2 Ng4 38.Ne4 Bb6 39.h3 Nh6 40.Bc3+ Kf7 41.Rf1+ Nf5 42.Bb4 Rd8 43.Nd6+ Ke6
44.Nxf5 gxf5 45.Re1+ Kf7 46.Re7+ Kg8 47.Kf3 Rd1 48.Re2 Rh1 49.Kf4 Rf1+ 50.Ke5 Kf7
51.c4 Bc7+ 52.Kd5 Bg3 53.Re7+ Kg6 54.Bc3 f4 55.Ke4 Be1 56.Bd4 Bh4 57.Rg7+ Kh6
58.Rf7 Re1+ 59.Kf3 Bg3 60.Kg4 Re6 61.Rf6+ Rxf6 62.Bxf6 Kg6 63.Be5 h5+ 64.Kf3 Kf5
65.Bc7 Kg5 66.b4 Kh4 67.b5  1-0

[Event "TCh-Eur Seniors"]
[Site "Dresden GER"]
[Date "2010.02.13"]
[Round "4"]
[White "Rooze,J"]
[Black "Bachmann,KH"]
[Result "0-1"]
[WhiteElo "2271"]
[BlackElo "2301"]

1.e4 c5 2.Nf3 e6 3.Nc3 a6 4.d4 cxd4 5.Nxd4 Qc7 6.Bd3 Nf6 7.O-O Nc6 8.Be3 Nxd4
9.Bxd4 Bc5 10.Bxc5 Qxc5 11.Kh1 d6 12.f4 e5 13.a4 Be6 14.Qe1 exf4 15.Rxf4 Nd7
16.Nd5 Bxd5 17.exd5+ Ne5 18.b4 Qc7 19.Ra3 g6 20.Be4 O-O 21.g4 Qe7 22.h4 f6
23.Rc3 Rac8 24.Bg2 Rxc3 25.Qxc3 g5 26.Re4 gxh4 27.Qh3 Qc7 28.Qxh4 Qxc2 29.Re1 Qd2
30.b5 axb5 31.axb5 Qg5 32.Qxg5+ fxg5 33.Rc1 Rf7 34.Rc8+ Kg7 35.Rd8 Rd7 36.Rc8 Nxg4
37.b6 Kf6 38.Bf1 Ne3 39.Rc7 Re7 40.Ba6 Nxd5  0-1

[Event "TCh-FIN 2009-10"]
[Site "Finland FIN"]
[Date "2010.02.14"]
[Round "7"]
[White "Fieandt,J"]
[Black "Penttinen,J"]
[Result "1/2-1/2"]
[WhiteElo "2185"]
[BlackElo "2291"]

1.Nf3 c5 2.e4 e6 3.d4 cxd4 4.Nxd4 a6 5.Nc3 b5 6.Bd3 Bb7 7.O-O d6 8.a4 b4
9.Na2 Nf6 10.Re1 d5 11.e5 Ne4 12.f3 Nc5 13.Nxb4 Nxd3 14.Nxd3 Be7 15.Kh1 O-O
16.Be3 Nd7 17.Qe2 Rc8 18.c3 Re8 19.Qf2 Bh4 20.g3 Be7 21.Kg1 a5 22.Nb5 Ba6
23.Bd4 Rb8 24.Qe3 Bxb5 25.axb5 Rxb5 26.Ra4 Qc7 27.Rea1 Reb8 28.R1a2 h6  1/2-1/2

[Event "Open"]
[Site "Novy Bor CZE"]
[Date "2010.02.15"]
[Round "4"]
[White "Palas,A"]
[Black "Bednar,Ma"]
[Result "1/2-1/2"]
[WhiteElo "2013"]
[BlackElo "2185"]

1.e4 c5 2.Nf3 a6 3.Nc3 e6 4.d4 cxd4 5.Nxd4 Qc7 6.Bd3 Nf6 7.O-O Be7 8.Kh1 d6
9.f4 b5 10.Qf3 Bb7 11.a3 Nbd7 12.Qg3 g6 13.Bd2 d5 14.exd5 Nxd5 15.Nxd5 Bxd5
16.Bc3 Bf6 17.Rae1 O-O 18.Ne2 Qd8 19.Bxf6 Qxf6 20.Nc3 Bb7 21.f5 exf5 22.Rxf5 Qb6
23.Re7 Nc5 24.Rxc5 Bxg2+ 25.Qxg2 Qxc5 26.Qe2 Rad8 27.Re5 Qd4 28.Kg2 h5 29.Qe4 Qxe4+
30.Nxe4 Kg7 31.Kf3 Rd7  1/2-1/2

[Event "Open"]
[Site "Novy Bor CZE"]
[Date "2010.02.15"]
[Round "4"]
[White "Ulanowski,K"]
[Black "Bakalar,J"]
[Result "1/2-1/2"]
[WhiteElo "1802"]
[BlackElo "2155"]

1.e4 c5 2.Nf3 a6 3.Nc3 e6 4.d4 cxd4 5.Nxd4 Qc7 6.Bd3 Bd6 7.Be3 Nf6 8.h3 Bb4
9.Qd2 d5 10.exd5 Nxd5 11.Nde2 Nd7 12.O-O Nxe3 13.Qxe3 Nf6 14.Ne4 Be7 15.Nf4 Bd7
16.Nxf6+ gxf6 17.Rfe1 Bc6 18.Nxe6 fxe6 19.Qxe6 Qd7 20.Qxf6 Rf8 21.Bg6+ hxg6
22.Qxg6+ Rf7  1/2-1/2